| 000 | 00500nam a22001577a 4500 | ||
|---|---|---|---|
| 020 | _qHard Cover. | ||
| 082 | _a621.3 | ||
| 100 | _aAziz, Mansoor | ||
| 245 |
_aFacial Expression Recognition Using Multiple Feature Sets / _cMansoor Aziz |
||
| 260 |
_aIslamabad : _bCEME - NUST, _c2015. |
||
| 300 |
_axi, 65 p. : ill. ; _c30cm. |
||
| 650 |
_aComputer Engineering-MS-Thesis _916083 |
||
| 700 |
_aDr. Arslan Shuakat. _934388 |
||
| 942 |
_2ddc _cTHE |
||
| 999 |
_c540389 _d540389 |
||